000 00681nam a2200277Ia 4500
005 20260324131805.0
008 008 260324s9999 xx 000 0 eng d
020 _a9781315821177
037 _aEBOOK
040 _aCRL
040 _beng
040 _cCRL
041 _2eng
041 _aeng
084 _qCRL
100 _aP. Forrest Talley; Jean A Pardeck
_91186839
245 0 _aHandbook for the Treatment of Abused and Neglected Children
260 _bTaylor and Francis
260 _c2005
365 _a
365 _b220
856 _uhttp://www.taylorfrancis.com/books/9781315821177
942 _cEBOOK
999 _c1784333
_d1784333